000 00639nam a2200217 a 4500
001 BRCA_1752
005 20190320203532.0
008 200508s1988----sp-a---###---#000-0#spa-#
020 _a8476300204
050 4 _aNK3600
_b.R97 1988
100 1 _aRussell, Pat
_95467
245 1 0 _aAlfabetos ornamentales a través de los tiempos
_cPat Russell.
260 _aMadrid
_bLibsa
_c1988
300 _a1 v. (sin paginación)
_bil. a color
_c38 cm.
440 0 _aPoster Art
_95468
650 1 4 _aCaligrafía
_95469
650 1 4 _aAlfabetos
_vDecoración
_xHistoria
_95470
650 1 4 _aLetras iniciales
_95471
653 0 _aCapitulares
942 _2lcc
_cB
999 _c1536
_d1536